LEADER 01137nam a2200265 i 4500 001 000000146804 003 CaOOAMICUS 005 20060117000000.0 008 060117s1939 it u000 u ita u 013 $a123702 040 $aSeMil$bita 100 1 $aHuxley, Aldous,$d<1894-1963>.$0(OLS)http://semarc/name/17328 245 12$aL'albero d'olivo :$bsaggi su atteggiamenti e realtà spirituali /$cAldous Huxley ; traduzione dall'inglese di Ada Prospero. 260 $aBari :$bLaterza & Figli,$c1939. 300 $a223 p. ;$c21 cm. 490 0 $aBiblioteca di cultura moderna ;$v347 500 $aFondo Ciprandi. 700 1 $aProspero Gobetti, Ada,$d<1902-1968>.$0(OLS)http://semarc/name/1568 830 0$aBiblioteca di cultura moderna ;$v347.$0(OLS)http://semarc/title/639 850 $aSeMil 852 $aSeMil$W1$xVenegono$y1$m1W II 239$j99422$B99422$CSeMilBibl$Z2$F107924 $81 941 1 $a1 961 $aOmaggio: Ciprandi dott. Paolo 996 $6245$aL'albero d'olivo :$bsaggi su atteggiamenti e realtà spirituali$9(OLS)http://semarc/title/214690 996 $6260$aBari :$bLaterza & Figli$9(OLS)http://semarc/publisher/29663 LEADER 01304nam a2200277 4500 001 000000357185 003 CaOOAMICUS 005 20240214115848.0 008 240214s2023 it a 000 u ita r 020 $a978-88-311-0559-0 040 $aSeMil$bita 100 1 $aLubich, Chiara,$d<1920-2008>.$0(OLS)http://semarc/name/5015 245 10$aLettere :$b1964-1980 /$cChiara Lubich ; a cura di Fabio Ciardi. 264 1$aRoma :$bCittà Nuova ;$a[Rocca di Papa] :$bCentro Chiara Lubich,$c2023. 300 $a666 p., [4] carte di tav. :$bill., facs. ;$c24 cm 490 1 $aOpere di Chiara Lubich ;$v3/1 650 4$aLubich, Chiara <1920-2008> - Lettere e carteggi.$0(OLS)http://semarc/subject/53116 700 1 $aCiardi, Fabio,$c.$0(OLS)http://semarc/name/18572 830 0$aOpere di Chiara Lubich ;$v3/1.$0(OLS)http://semarc/title/423645 850 $aSeMil 852 $aSeMil$W1$xVenegono$y1$m2IA I 3/1$j246213$B248369$CSeMilBibl$Z2$F248369 $81 996 $6020$a978-88-311-0559-0$9(OLS)http://semarc/number/299808 996 $6245$aLettere :$b1964-1980$9(OLS)http://semarc/title/447418 996 $6264$aRoma :$bCittà Nuova$9(OLS)http://semarc/publisher/29609 996 $6264$a[Rocca di Papa] :$bCentro Chiara Lubich$9(OLS)http://semarc/publisher/58306